000 00691nam a2200193Ia 4500
008 151121s9999||||xx |||||||||||||| ||und||
082 _a920/चेंदव
082 _bHNW-26962
100 _aचेंदवणकर सदानंद
245 _aभारतीय शास्त्रज्ञ
260 _b"सुविचार प्रकाशन, पुणे।"
260 _c--
300 _a93
600 _aचेंदवणकर सदानंद
630 _aभारतीय शास्त्रज्ञ
700 _aचेंदवणकर सदानंद
730 _aभारतीय शास्त्रज्ञ
942 _cBOOK
999 _c1223279
_d1223276